| 000 | 00448nam a22001697a 4500 | ||
|---|---|---|---|
| 003 | macl | ||
| 005 | 20151226154757.0 | ||
| 008 | 151226b xxu||||| |||| 00| 0 eng d | ||
| 040 | _cmacl | ||
| 041 | _aEnglish | ||
| 082 | _a370/HAR | ||
| 100 |
_aHarichandan Dhaneswar _922951 |
||
| 245 | _aDistance Education And Student Support Services | ||
| 260 |
_aNew Delhi _bDeep & Deep Publications _c2009 |
||
| 650 |
_aEducation _922952 |
||
| 942 |
_2ddc _cBK |
||
| 999 |
_c51994 _d51994 |
||